| 000 | 01147nab a2200241 i 4500 | ||
|---|---|---|---|
| 001 | 768714001 | ||
| 003 | CO-MdFUSB | ||
| 005 | 20240626080049.0 | ||
| 008 | 240626t1987 us ||||| |||| 00| 0 eng d | ||
| 040 |
_bspa _cCO-MdFUSB _dCO-MdFUSB |
||
| 041 | _aeng | ||
| 100 |
_aShenk, Wilbert R., _eautor |
||
| 245 |
_aMission in transition : 1972 - 1987 _c/ Wilbert R. Shenk |
||
| 520 | _a¿Cómo el pasado, especialmente el pasado reciente, ha preparado el escenario para los próximos pasos en la misión? Wilbert Shenk examina cómo las características geopolíticas y socioeconómicas han dado forma a la misión cristiana y explora cómo el período más reciente ha colocado a la misión en un estado de cambio y transición. | ||
| 546 | _aTexto en inglés. | ||
| 650 | 0 |
_aMisiones _9154 |
|
| 650 | 0 |
_aCristianismo y política _91250 |
|
| 650 | 7 |
_aCristianismo y cultura _96959 |
|
| 650 | 7 |
_aAntropología cultural y social _96714 |
|
| 773 | 0 |
_049486 _982794 _d Pasadena _oR2669 _tMissiology: _w(CO-MdFUSB)97 _gVolumen 15 (número 4, 1987) páginas: 419 - 430 _qpágina: 419 |
|
| 942 | _cANA | ||
| 945 | _aCatherine Arias Álvarez - Practicante SENA | ||
| 999 |
_c70342 _d70342 |
||